000 01474nam a22004097a 4500
001 2582329
003 OSt
005 20210426124040.0
008 961211s1997 nyua b 000 0aeng
010 _a 96053351
020 _a046500704X
040 _aDLC
_cDLC
_dDLC
_beng
041 _aeng
043 _ae-ur-ai
_an-us-nj
_an-us---
050 0 0 _aPS3552.A443
_bZ464 1997
080 _a92
_bB-18
082 0 0 _a811/.54
_aB
_221
100 1 _aBalakian, Peter,
_d1951-
245 1 0 _aBlack dog of fate :
_ba memoir /
_c/ by: Basic Books
250 _a1st edition
260 _aNew York, NY
_bBasic Books
_cc1997.
300 _a289, [3] p.
_bill.
_c25 cm.
365 _b24 usd
500 _aMap of Armenia from 500 BC to present on endpapers.
504 _aIncludes bibliographical references (p. [292]).
600 1 0 _aBalakian, Peter,
_d1951-
_xFamily.
650 0 _aArmenian Genocide res survivors
_zUnited States
_vBiography.
650 0 _aBiography
_9237
650 0 _aPoets, American
_y20th century
_xFamily relationships.
650 0 _aArmenian Americans
_zNew Jersey
_vBiography.
650 0 _aArmenian Genocide, 1915-1923.
653 _aბიოგრაფია
856 4 2 _3Publisher description
_uhttp://www.loc.gov/catdir/enhancements/fy0832/96053351-d.html
906 _a7
_bcbc
_corignew
_d1
_eocip
_f19
_gy-gencatlg
942 _2udc
_cBK
999 _c1114
_d1114